Deficit zaplatí daňový poplatník. Nový zákon o SBČS v platnosti od 1. února.
Rozhovor o zásadných zmenách, ktoré prináša od februára 1992 platný zákon o ŠBČS. Práva ŠBČS v oblasti menovej politiky, úprava vzťahu centrálnej banky k bankám obchodným, úroková sadzba a ďalšie nástroje ovplyvňovania činnosti obchodných bánk, vedenie príjmových a výdavkových účtov štátneho rozpočt...
Salvato in:
| Autore principale: | |
|---|---|
| Altri autori: | |
| Natura: | Capitolo di libro |
| Lingua: | ceco |
| Soggetti: | |
| Tags: |
Nessun Tag, puoi essere il primo ad aggiungerne!!
|
MARC
| LEADER | 00000naa a2200000 4500 | ||
|---|---|---|---|
| 001 | r007660 | ||
| 005 | 20220831083555.0 | ||
| 041 | 0 | |a cze | |
| 044 | |a [CS] | ||
| 245 | 1 | 0 | |a Deficit zaplatí daňový poplatník. |b Nový zákon o SBČS v platnosti od 1. února. |c J. Vít, I. Šatavová |
| 520 | |a Rozhovor o zásadných zmenách, ktoré prináša od februára 1992 platný zákon o ŠBČS. Práva ŠBČS v oblasti menovej politiky, úprava vzťahu centrálnej banky k bankám obchodným, úroková sadzba a ďalšie nástroje ovplyvňovania činnosti obchodných bánk, vedenie príjmových a výdavkových účtov štátneho rozpočtu, vyhlasovanie kurzu čs. meny k cudzím menám. | ||
| 610 | 2 | 0 | |a banky emisné |
| 610 | 2 | 0 | |a ŠBČS |
| 610 | 2 | 0 | |a zákony |
| 610 | 2 | 0 | |a politika menová |
| 610 | 2 | 0 | |a banky obchodné |
| 610 | 2 | 0 | |a sadzby úrokové |
| 610 | 2 | 0 | |a rozpočet štátny |
| 610 | 2 | 0 | |a kurz menový |
| 610 | 2 | 0 | |a 1992 |
| 100 | 1 | |a Vít, J. | |
| 700 | 1 | |a Šatavová, I. | |